Startellever i serieåpning for Ham-Kam - Statistics

General Stats
  • This quiz has been taken 106 times
    80 since last reset
  • The average score is 146 of 187
Answer Stats
Årstall Answer % Correct
2004 Sogndal | 2006 Viking | 2007 Skeid Espen Olsen
97%
2011 Asker | 2012 Sandefjord | 2014 Hødd Kristoffer Hagen
97%
2006 Viking | 2007 Skeid | 2008 Bodø/Glimt | +4 others Ivar Rønningen
93%
2007 Skeid | 2008 Bodø/Glimt | 2010 Tromsø 2 | +6 others John Anders Rise
93%
2017 Asker | 2018 Ull/Kisa | 2019 Skeid Łukasz Jarosiński
93%
2018 Ull/Kisa Simen Bolkan Nordli
93%
2004 Sogndal Svein Inge Haagenrud
93%
2004 Sogndal | 2005 Vålerenga Axel Smeets
90%
2004 Sogndal | 2005 Vålerenga Geir Frigård
90%
2016 Nybergsund Henrik Lehne Olsen
90%
2005 Vålerenga | 2006 Viking | 2007 Skeid Jan Michaelsen
90%
2013 Stabæk | 2014 Hødd Lars Øvernes
90%
2018 Ull/Kisa | 2019 Skeid | 2020 Kongsvinger Markus Solbakken
90%
2011 Asker | 2012 Sandefjord | 2013 Stabæk Oddbjørn Lie
90%
2005 Vålerenga Oluwasegun Abiodun
90%
2004 Sogndal | 2005 Vålerenga | 2017 Asker | 2018 Ull/Kisa Petter Vaagan Moen
90%
2011 Asker | 2012 Sandefjord Thomas Lehne Olsen
90%
2011 Asker | 2013 Stabæk | 2014 Hødd Tore Andreas Gundersen
90%
2005 Vålerenga Joakim Sørum
86%
2019 Skeid | 2020 Kongsvinger Lars-Gunnar Johnsen
86%
2020 Kongsvinger Marcus Pedersen
86%
2006 Viking | 2007 Skeid | 2008 Bodø/Glimt | 2009 Kongsvinger Markus Ringberg
86%
2004 Sogndal | 2005 Vålerenga Peter Sørensen
86%
2019 Skeid | 2020 Kongsvinger Steffen Skogvang Pedersen
86%
2006 Viking | 2007 Skeid | 2009 Kongsvinger Tommy Øren
86%
2005 Vålerenga Eddie Gustafsson
83%
2012 Sandefjord | 2013 Stabæk | 2016 Nybergsund Emil Dahle
83%
2015 Rødde | 2016 Nybergsund Emil Holst
83%
2004 Sogndal | 2005 Vålerenga | 2006 Viking Espen Haug
83%
2004 Sogndal Glenn Ståhl
83%
2016 Nybergsund | 2017 Asker | 2018 Ull/Kisa Ivar Sollie Rønning
83%
2006 Viking | 2007 Skeid | 2008 Bodø/Glimt | 2009 Kongsvinger Juha Pasoja
83%
2006 Viking | 2008 Bodø/Glimt Knut Henry Haraldsen
83%
2015 Rødde Kristian Eriksen
83%
2018 Ull/Kisa | 2019 Skeid | 2020 Kongsvinger Kristian Lønstad Onsrud
83%
2004 Sogndal | 2007 Skeid | 2010 Tromsø 2 Marius Gullerud
83%
2020 Kongsvinger Mathias Eriksen Ranmark
83%
2019 Skeid Odmar Færø
83%
2012 Sandefjord Ørjan Berg Hansen
83%
2006 Viking Ramiro Corrales
83%
2008 Bodø/Glimt Roman Kienast
83%
2017 Asker | 2018 Ull/Kisa | 2019 Skeid | 2020 Kongsvinger Rubén Alegre
83%
2020 Kongsvinger Tobias Svendsen
83%
2007 Skeid | 2008 Bodø/Glimt | 2010 Tromsø 2 | +5 others Truls Jevne Hagen
83%
2013 Stabæk | 2014 Hødd | 2019 Skeid Emil Sildnes
79%
2016 Nybergsund | 2017 Asker Franck Semou
79%
2004 Sogndal | 2005 Vålerenga Jarl Andre Storbæk
79%
2020 Kongsvinger Jo Nymo Matland
79%
2008 Bodø/Glimt | 2009 Kongsvinger Olivier Karekezi
79%
2010 Tromsø 2 | 2011 Asker Pål Kirkevold
79%
2020 Kongsvinger Steinar Strømnes
79%
2020 Kongsvinger Anders Dieserud
76%
2019 Skeid Benjamin Gleditsch
76%
2010 Tromsø 2 | 2012 Sandefjord | 2013 Stabæk Edmir Asani
76%
2019 Skeid Jean Alassane Mendy
76%
2017 Asker Kevin Beugre
76%
2015 Rødde Marius Holt
76%
2017 Asker | 2019 Skeid Ole Erik Midtskogen
76%
2005 Vålerenga | 2009 Kongsvinger | 2010 Tromsø 2 | +2 others Vegar Bjerke
76%
2008 Bodø/Glimt Arnar Førsund
72%
2007 Skeid David Mannix
72%
2010 Tromsø 2 Hai Lam
72%
2004 Sogndal Kenneth Dokken
72%
2016 Nybergsund | 2017 Asker | 2018 Ull/Kisa Nicholas Mickelson
72%
2010 Tromsø 2 | 2011 Asker Pål Ekeberg Schjerve
72%
2008 Bodø/Glimt Srđan Urošević
72%
2006 Viking Rune Buer Johansen
69%
2006 Viking Steve Cooreman
69%
2013 Stabæk | 2014 Hødd Viktor Adebahr
69%
2016 Nybergsund | 2017 Asker François Yabré
66%
2010 Tromsø 2 | 2011 Asker Lars Erik Bredvold
66%
2007 Skeid | 2009 Kongsvinger Frode Bjørnevik
62%
2009 Kongsvinger Jørgen Jalland
62%
2009 Kongsvinger Tom Kristoffersen
62%
2013 Stabæk Anders Emil Nedrebø
59%
2011 Asker | 2014 Hødd Håkon Aalmen
59%
2016 Nybergsund Marius Hagen
59%
2018 Ull/Kisa Orri Sigurður Ómarsson
59%
2015 Rødde Tobias Gunnar Ødegård
59%
2008 Bodø/Glimt | 2009 Kongsvinger Adem Güven
55%
2015 Rødde Syver Karlsen
55%
2012 Sandefjord Christer Jensen
52%
2017 Asker Juan Manuel Cordero
52%
2009 Kongsvinger Håkan Malmström
48%
2015 Rødde Adnan Haidar
45%
2013 Stabæk | 2015 Rødde Aziz Idris
45%
2010 Tromsø 2 Håvard Kleven
45%
2018 Ull/Kisa Jacob Egeris
45%
2014 Hødd | 2015 Rødde Fredrik Sjølstad
38%
2018 Ull/Kisa Abubakar Ibrahim
34%
2015 Rødde Kwaku Osei Oviasu
34%
2016 Nybergsund Marius Bratberg Lund
34%
2011 Asker Jonathan Borrajo
31%
2014 Hødd Magnus Sylling Olsen
31%
2014 Hødd Christophe Psyché
24%
No matching quizzes found
Score Distribution
Percent of People with Each Score
Percentile by Number Answered
Your Score History
You have not taken this quiz since the last reset